[Event "Keres Memorial"]
[Site "Tallinn/Parnu"]
[Date "1998.06.21"]
[Round "3"]
[White "Lautier, Joel"]
[Black "Morovic Fernandez, Ivan"]
[Result "1/2-1/2"]
[WhiteElo "2645"]
[BlackElo "2600"]
[Annotator "Lutz,C"]
[PlyCount "50"]
[EventDate "1998.06.19"]
[EventType "tourn"]
[EventRounds "9"]
[EventCountry "EST"]
[EventCategory "15"]
[SourceTitle "CBM 066"]
[Source "ChessBase"]
[SourceDate "1998.09.30"]
[SourceVersion "1"]
[SourceVersionDate "1998.09.30"]
[SourceQuality "1"]

1. c4 c6 2. Nf3 d5 3. e3 Nf6 4. Nc3 e6 5. d4 Nbd7 6. Bd3 dxc4 7. Bxc4 b5 8. Bd3
Bb7 9. O-O a6 10. e4 c5 11. d5 Qc7 12. dxe6 fxe6 13. Bc2 c4 14. Nd4 Nc5 15. Be3
O-O-O 16. Qe2 e5 17. Nf3 Nd3 $5 $146 {Eine Neuerung, die allerdings schon in
Lautiers Analysen zu seiner Partie gegen Gelfand (Amsterdam VSB 1996) erwähnt
wurde.} (17... Ne6) (17... Bd6) (17... Ncxe4) 18. Rfd1 $5 (18. Rad1 Bb4 $13 {
Lautier}) (18. b3 Bb4 19. Nd5 $13 {Lautier}) 18... Bb4 19. Ng5 $1 {Lautier
schreibt hierzu in SCHACH 8/98 : "Eine starke Neuerung, die ich gemeinsam mit
Matthew Sadler ausgeheckt habe. Weiß gewinnt mit dem drohendem Einstieg auf e6
ein wichtiges Tempo und bereitet den Weg für den mächtigen Schlag 20.Nd5!.
Nach etwa 19...Rhe8 wäre dieser Rösselsprung vernichtend, da nicht nur die
c-linie, sondern auch die vierte Reihe mit Ideen wie Bxd3 nebst Qg4+ und
Gewinn des bb4 geöffnet werden würde. Nach einstündigem (!) Nachdenken
beschloß Ivan, diese Motive radikal aus der Stellung zu nehmen."} Bxc3 (19...
Nxb2 20. Rxd8+ Qxd8 21. Nd5 Nxd5 22. exd5 Kb8 (22... Qxd5 23. Be4 $18) (22...
Nd3 23. Bxd3 cxd3 24. Qg4+ $18) 23. Be4 Nd3 24. Nf7 $16) 20. bxc3 Rhe8 21. f3
h6 22. Nh3 g5 23. Nf2 $14 {Weiß hat Vorteil, da sein schwarzfeldriger Läufer
keinen Gegenspieler hat und a2-a4 droht.} Nf4 24. Qe1 Qa5 25. a4 $2 (25. Bd2
Qa3 26. g3 Ne6 27. Rdb1 {nebst Bd2-c1 und a2-a4 gibt Weiß kräftigen Angriff 
(Lautier)}) 25... Qxc3 (25... Qxc3 26. Qxc3 Ne2+ 27. Kf1 Nxc3 28. Rdc1 {
nebst Bb6-a5 gewinnt den Bauern zurück (Lautier).}) 1/2-1/2

[Event "POL-ch 58th"]
[Site "Warsaw"]
[Date "2001.03.22"]
[Round "5"]
[White "Krasenkow, Michal"]
[Black "Kuczynski, Robert"]
[Result "1/2-1/2"]
[WhiteElo "2658"]
[BlackElo "2499"]
[Annotator "Lutz,C"]
[PlyCount "61"]
[EventDate "2001.03.18"]
[EventType "tourn"]
[EventRounds "13"]
[EventCountry "POL"]
[EventCategory "11"]
[SourceTitle "CBM 082"]
[Source "ChessBase"]
[SourceDate "2001.05.17"]
[SourceVersion "1"]
[SourceVersionDate "2001.05.17"]
[SourceQuality "1"]

1. d4 d5 2. c4 c6 3. Nc3 Nf6 4. e3 e6 5. Nf3 Nbd7 6. Bd3 dxc4 7. Bxc4 b5 8. Bd3
a6 9. e4 c5 10. d5 c4 11. dxe6 fxe6 12. Bc2 Qc7 13. Nd4 $5 {Ein seltener Zug.}
(13. Ng5 Nc5 14. f4 Bb7 15. e5 Rd8 16. Bd2 Nd5 17. Qh5+ g6 18. Bxg6+ hxg6 19.
Qxh8 Nxf4 20. O-O-O Qxe5 21. Qxe5 Nfd3+ 22. Kc2 Nxe5 23. Be3 Rxd1 24. Rxd1 Ned3
25. Bxc5 Nxc5 26. Re1 Ke7 27. b4 cxb3+ 28. axb3 Bh6 29. Nce4 Nxe4 30. Nxe4 a5
31. Kd3 Bf4 32. g3 Bc7 33. Rc1 Bb6 34. h4 Bd5 {1/2-1/2 Farago,I-Chandler,M/
Belgrade 1982/MCD (34)}) (13. O-O Bb7 {führt zu den Normalvarianten.}) 13...
Nb6 {Es ist seltsam, dass zu dieser Stellung nur eine Vorgängerpartie in der
Dtaenbank zu finden ist.} (13... Nc5 14. O-O Bb7 15. Be3 O-O-O 16. Qe2 e5 17.
Nf3 Ne6 18. Rad1 Bc5 19. Nd5 Nxd5 20. exd5 Nf4 21. Bxf4 exf4 22. Bf5+ Kb8 23.
Be6 Rhe8 24. Qc2 g6 25. a4 Rd6 26. Ng5 Ba7 27. axb5 axb5 28. Qc3 Ra6 29. Rfe1
Bc5 30. Ne4 Rd8 31. Ra1 Rxa1 32. Rxa1 Bb6 33. Rd1 Bc5 34. Qd2 Bd6 35. Nxd6 Qxd6
36. Qa5 Re8 37. Ra1 Qc5 38. Qd2 Qd6 39. Qd4 Kc7 40. Rd1 Kb8 41. h4 Rd8 42. Ra1
f3 43. gxf3 Kc7 44. Ra5 Qb4 45. Ra7 Qe7 46. Qe5+ {1-0 Lukacs,P-Siegel,G/
Budapest 1997/CBM 56 ext (46)}) 14. f4 (14. Bg5 Bb4 15. f4 O-O 16. e5 Nfd5 17.
Qf3 Na4 18. Nde2 Nxb2 19. O-O Nxc3 20. Nxc3 Nd3 21. Ne4 Bb7 22. Bxd3 cxd3 23.
Qxd3 Qc6 24. Rae1 Bxe1 25. Rxe1 Rac8 26. Qg3 Qb6+ 27. Nf2 Rc2 28. h4 h6 29. Be7
Rf7 30. Bd6 Qd4 {0-1 Fischer,E-Trifunovic,P/Netanya 1961/MCD (30)}) 14... e5
15. fxe5 Bg4 16. Nf3 Nfd7 $1 {Das schwarze Spiel macht einen vernünftigen
Eindruck.} (16... Rd8 17. Bd2) 17. h3 Bxf3 18. Qxf3 Nxe5 19. Qf5 Nd3+ 20. Ke2 (
20. Bxd3 Qg3+ 21. Qf2 Qxf2+ 22. Kxf2 cxd3 $13) 20... Nxc1+ 21. Raxc1 Qd7 22.
Qf2 Qe6 23. Rcd1 Be7 24. Rhf1 Rf8 25. Qg3 Rxf1 26. Kxf1 g6 27. Nd5 Nxd5 28.
exd5 Qf6+ 29. Kg1 Bc5+ 30. Kh1 O-O-O 31. b3 {Mit Remisangebot, was Schwarz
akzeptierte. Dabei hätte er den Pd5 nehmen können:} (31. b3 Rxd5 32. Qg4+ (32.
Rxd5 Qf1+ 33. Kh2 Qg1#) 32... Kb8 33. Re1 (33. Rxd5 Qf1+ 34. Kh2 Bg1+ 35. Kg3
Qf2#) 33... Qf2 {mit schwarzem Vorteil.}) 1/2-1/2

[Event "FRA-chT Top 16 GpB"]
[Site "Port Barcares"]
[Date "2005.05.04"]
[Round "8"]
[White "Huebner, Robert"]
[Black "Vallejo Pons, Francisco"]
[Result "1-0"]
[WhiteElo "2624"]
[BlackElo "2677"]
[Annotator "Lutz,C"]
[PlyCount "87"]
[EventDate "2005.05.04"]
[EventType "team"]
[EventRounds "11"]
[EventCountry "FRA"]
[SourceTitle "CBM 107"]
[Source "ChessBase"]
[SourceDate "2005.08.01"]
[SourceVersion "1"]
[SourceVersionDate "2005.08.01"]
[SourceQuality "1"]

1. d4 Nf6 2. c4 e6 3. Nf3 d5 4. Nc3 c6 5. e3 Nbd7 6. Bd3 dxc4 7. Bxc4 b5 8. Bd3
Bb7 9. O-O a6 10. e4 c5 11. d5 Qc7 12. dxe6 fxe6 13. Bc2 Be7 $5 {Diese
Variante war populär, bevor Dreev das Abspiel 13...Bd6 14.Ng5 Nf8 in die
Praxis einführte.} (13... Bd6 14. Ng5 Nf8) (13... c4) 14. Ng5 Qc6 15. Qf3 $5 {
Diese Variante zwingt Schwarz mehr oder weniger zu einem Qualitätsopfer.
Bislang ging man davon aus, dass Schwarz genug Kompensation hat.} (15. f4 $5 {
ist der andere wichtige Zug in dieser Stellung.}) 15... h6 {Schwarz muss aktiv
werden, denn Weiss droht den Pe6 zu belagern.} 16. Qh3 hxg5 17. Qxh8+ Kf7 18.
Qh3 g4 {Schwarz hat eine glatte Minusqualität, aber dafür einen
Entwicklungsvorsprung und Angriffsmöglichkeiten am Königsflügel.} 19. Qe3 $5 {
Dieser Zug wurde bisher selten gespielt, meist wurde 19.Dh4 der Vorzug gegeben.
} (19. Qh4 Ne5 (19... Nxe4 $2 20. Qh5+ $18) 20. f4 (20. Rd1 Bd6 21. Bf4 (21.
Be3 $6 Bc7 $1 $15 {0-1 Hansen,L-Illescas Cordoba,M/Moscow 1994/CBM 45/[Shipov]
(45)}) (21. Rxd6 $32 {Shipov} Qxd6 22. Bg5 $13) 21... Ng6 22. Rxd6 Nxh4 23.
Rxc6 Bxc6 24. Re1 Rd8 25. Bg5 Ng6 26. e5 b4 27. Ne4 Bxe4 28. Rxe4 Rd5 29. exf6
Rxg5 30. fxg7 Ne5 31. Bb3 Kf6 32. Kf1 Rxg7 33. f4 gxf3 34. gxf3 {1/2-1/2 Jelen,
I-Pavasovic,D/Vienna 1996/CBM 53 ext (34)}) 20... gxf3 21. gxf3 c4 (21... Ng6
22. Qg5 Rh8 23. e5 Nh4 24. Be4 Nd5 25. Qg4 b4 26. Ne2 Qc7 27. Qg3 Rh5 28. Bf4
Nf5 29. Qe1 c4 30. Kh1 Bh4 31. Qd2 Qe7 32. Rg1 g5 33. Bg3 Nxg3+ 34. Nxg3 Rh8
35. Nf5 exf5 36. Bxd5+ Kg6 37. Bxb7 Qxb7 38. Qd6+ Kh5 39. Raf1 g4 40. Qe6 Rf8
41. Rxg4 Bg5 42. Rg3 {1-0 Lautier,J-Dreev,A/Linares 1995/CBM 46 (42)}) 22. Be3
g5 (22... Ng6 23. Qe1 Rh8 24. Rd1 Bd6 25. Rd2 Qc7 26. Rxd6 Qxd6 27. Qd2 Qe5 28.
Rf2 Rh3 $40 {0-1 Karpov,A-Kramnik,V/Monte Carlo 1994/CBM 40 ext (40)}) 23. Qg3
Bd6 24. Bxg5 Rg8 25. Kh1 b4 $13 {1/2-1/2 Gurevich,D-Kaidanov,G/Buenos Aires
2003/CBM 97/[Lutz] (55)}) (19. Qg3 Bd6 20. Bf4 $2 Nh5) 19... Ne5 (19... Rh8 $5
{ist vielleicht eine bessere Idee, z.B.} 20. Ne2 Nxe4) 20. Ne2 {Weiss
überführt den Springer nach g3, um den König zu sichern und der Drohung ...
b5-b4 zuvorzukommen.} Rh8 $146 (20... Nc4 21. Qg3 Nxe4 22. Qxg4 Rh8 23. Nf4 $40
{1-0 Shabalov,A-Miller,D/Virginia Beach 2002/CBM 86 ext (38)}) (20... Nxe4 21.
f3 gxf3 22. gxf3 Ng5 23. Qxe5 Nxf3+ 24. Rxf3+ Qxf3 25. Qf4+ $16) 21. Ng3 Nh7 {
Schwarz muss nun hart kämpfen, um Gegenspiel zu erlangen. Anscheinend ist in
den vorhergehenden Zügen etwas falsch gelaufen.} 22. Bd1 Bf6 23. Be2 Ng5 24.
Rd1 c4 25. Bd2 Nxe4 {Endlich hat Schwarz den Pe4 einheimsen können. Aber defür
muss er den Damentausch zulassen und Weiss konnte sich in der Zwischenzeit
entwickeln.} 26. Nxe4 Qxe4 27. Qxe4 Bxe4 28. Bc3 $16 Nd3 29. Bxg4 Nxb2 30. Rd7+
Kg6 31. Re1 Bf5 32. Bxf5+ Kxf5 33. Bxf6 gxf6 34. Rd6 e5 35. Re3 e4 36. f3 Rc8
37. fxe4+ Kf4 38. Re2 c3 39. Rd5 $18 c2 40. Rf5+ Kg4 41. h3+ Kh4 42. Kh2 Rc3
43. Re3 $4 {Dies muss ein Notationsfehler sein.} (43. e5 $18 {geschah
vermutlich in der Partie.}) 43... Rc8 $4 44. Rd5 1-0

[Event "Recklinghausen"]
[Site "Recklinghausen"]
[Date "1998.08.02"]
[Round "9"]
[White "Alterman, Boris"]
[Black "Pinter, Jozsef"]
[Result "1/2-1/2"]
[WhiteElo "2615"]
[BlackElo "2590"]
[Annotator "Lutz,C"]
[PlyCount "43"]
[EventDate "1998.07.25"]
[EventType "tourn"]
[EventRounds "9"]
[EventCountry "GER"]
[EventCategory "12"]
[SourceTitle "CBM 067"]
[Source "ChessBase"]
[SourceDate "1998.11.30"]
[SourceVersion "2"]
[SourceVersionDate "1998.11.01"]
[SourceQuality "1"]

1. d4 d5 2. c4 e6 3. Nc3 c6 4. e3 Nf6 5. Nf3 Nbd7 6. Bd3 dxc4 7. Bxc4 b5 8. Bd3
Bb7 9. O-O a6 10. e4 c5 11. d5 Qc7 12. dxe6 fxe6 13. Bc2 Bd6 {Drejews Idee von
der K.O.-WM in Groningen. Obwohl der nächste Zug 14...Nf8 seltsam aussieht,
gibt es bislang keine Widerlegung.} 14. Ng5 Nf8 15. f4 O-O-O 16. Qe2 (16. Qe1 {
0-1 Sadler,M-Dreev,A/Groningen 1997/CBM 63 /[Lutz] (45)}) 16... h6 17. Nh3 $5
$146 {[%mdl 8] Eine Neuerung, die mich allerdings nicht beeindruckt.} (17. Nf3
{1/2-1/2 Nenashev,A-Dreev,A/FIDE-Wch k.o. 1997/CBM 63/[Lutz] (35)}) 17... e5
18. a4 (18. f5 $5 {Verwehrt dem Nf8 das Feld e6.} c4 19. Nf2 (19. a4 $6 b4 20.
Nd5 Nxd5 21. exd5 Bxd5 22. Be4 Qb7 23. Bxd5 Qxd5 {gibt Weiß nicht genügend
Kompensation.})) 18... Ne6 (18... b4 $5 19. Nd5 Nxd5 20. exd5 Nd7 $13 {ist
ebenfalls spielbar für Schwarz. Das Feld c4 ist geschwächt, aber die a-Linie
ist geschlossen.}) 19. axb5 Nd4 20. Qd1 axb5 21. Be3 Qc6 22. Kh1 (22. Kh1 Rhe8
{Mir gefällt angesichts der zentralisierten Figuren die schwarze Stellung
bereits besser.}) 1/2-1/2

[Event "RUS-ch"]
[Site "Krasnodar"]
[Date "2002.08.27"]
[Round "1"]
[White "Korotylev, Alexey"]
[Black "Skatchkov, Pavel"]
[Result "1-0"]
[WhiteElo "2558"]
[BlackElo "2485"]
[Annotator "Lutz,C"]
[PlyCount "61"]
[EventDate "2002.08.27"]
[EventType "swiss"]
[EventRounds "9"]
[EventCountry "RUS"]
[SourceTitle "CBM 091"]
[Source "ChessBase"]
[SourceDate "2002.11.12"]
[SourceVersion "1"]
[SourceVersionDate "2002.11.12"]
[SourceQuality "1"]

1. d4 d5 2. c4 c6 3. Nc3 Nf6 4. e3 e6 5. Nf3 Nbd7 6. Bd3 dxc4 7. Bxc4 b5 8. Bd3
Bb7 9. O-O a6 10. e4 c5 11. d5 Qc7 12. dxe6 fxe6 13. Bc2 Bd6 14. Ng5 Nf8 15. f4
O-O-O 16. Qe1 e5 17. Nd5 $1 {Khalifmans Bauernopfer wirft derzeit einen großen
Schatten auf Dreevs 13...Bd6.} Nxd5 (17... Bxd5 18. exd5 exf4 19. a4 $1 (19.
Bd2 Re8 20. Qh4 Ng6 21. Qh3+ Kb8 22. a4 b4 23. Rad1 {1/2-1/2 Piket,J-Khalifman,
A/Dortmund 2000/CBM 78/[Lutz] (34) mit weißer Initiative}) 19... b4 20. Qe2 c4
21. b3 $1 h6 22. Ne6 Nxe6 23. dxe6 Nd5 24. bxc4 Nc3 25. Qf3 $16 {1-0 Shirov,
A-Dreev,A/Sarajevo 2002/CBM 90/[Lutz] (39)}) 18. exd5 exf4 (18... Bxd5 19. Bd2
$1 {, z.B.} Re8 (19... c4 20. Ba5 Qc5+ 21. Kh1 $44) 20. Rd1 Nd7 (20... Bb7 21.
Ne4 $40) 21. Ba5 Qc6 22. Qd2 Nf6 23. Nxh7 $16) 19. Bd2 $1 {Provoziert eine
Schwächung des schwarzen Damenflügels.} b4 (19... Qd7 {kann den Verlust der
Qualität nicht verhindern:} 20. Ba5 Re8 21. Bf5 $1 Rxe1 22. Bxd7+ Nxd7 23.
Rfxe1 $16 {/\} Bxd5 24. Rad1 Nf6 25. Bc3) 20. a3 $1 $146 {Eine Neuerung, die
die ohnehin schon beschwerliche schwarze Lage noch etwas unangenehmer macht.
Weiß knackt einfach den Damenflügel auf und betont das schwarze Problem - die
schlechte Königsstellung.} (20. Rc1 Kb8 21. Bb3 a5 22. a3 Ng6 $5 23. axb4 axb4
24. Ne6 Qb6 25. Nxd8 Rxd8 26. Bc4 Be5 27. Rd1 Qd6 28. Qe2 f3 $6 (28... Rf8 $44
{Krasenkow}) 29. gxf3 Bxb2 (29... Rf8 $142 {Krasenkow}) 30. Bxb4 cxb4 31. Qxb2
$16 {1-0 Krasenkow,M-Almasi,Z/Polanica Zdroj 2000/CBM 79/[Lutz])}) 20... Kb8
21. Kh1 Bxd5 (21... a5 $5 22. axb4 axb4 {macht die schwarze Lage auch nicht
viel beneidenswerter.}) 22. axb4 $16 Qb7 23. Be4 Ng6 24. Bxd5 Qxd5 25. Rxa6 Qb7
26. Ra4 Rhe8 27. Qf2 {Das weiße Spiel ist sehr einfach.} h6 28. bxc5 Bxc5 29.
Qxc5 Rd5 30. Qc4 Ne5 31. Bxf4 {Man darf gespannt sein, ob die Variante 13...
Bd6 sich noch einmal erholen kann.} 1-0

[Event "Minneapolis HB Global op"]
[Site "Minneapolis"]
[Date "2005.05.19"]
[Round "2"]
[White "Onischuk, Alexander"]
[Black "Fernandez, Daniel"]
[Result "1-0"]
[WhiteElo "2638"]
[BlackElo "2406"]
[Annotator "Lutz,C"]
[PlyCount "89"]
[EventDate "2005.05.18"]
[EventType "swiss"]
[EventRounds "9"]
[EventCountry "USA"]
[SourceTitle "CBM 107"]
[Source "ChessBase"]
[SourceDate "2005.08.01"]
[SourceVersion "1"]
[SourceVersionDate "2005.08.01"]
[SourceQuality "1"]

1. d4 d5 2. c4 e6 3. Nc3 c6 4. e3 Nf6 5. Nf3 Nbd7 6. Bd3 dxc4 7. Bxc4 b5 8. Bd3
Bb7 9. O-O a6 10. e4 c5 11. d5 c4 12. Bc2 Qc7 13. dxe6 fxe6 14. Nd4 Nc5 15. Be3
O-O-O {Dieses Abspiel geniesst keinen sonderlich guten Ruf, da der schwarze
König am Damenflügel unsicher steht. Besser ist 15...e5, wie Kasparov zuletzt
spielte.} (15... e5) 16. Qe2 e5 17. Nf3 Ne6 (17... Nd3 $5 18. Rfd1 $5 Bb4 19.
Ng5 $1 Bxc3 20. bxc3 Rhe8 21. f3 h6 22. Nh3 g5 23. Bxd3 cxd3 24. Rxd3 Rxd3 25.
Qxd3 $40 {1-0 Radjabov,T-Akopian,V/Moscow 2002/CBM 90/[Lutz] (42)}) (17...
Ncxe4 $2 18. Nxe4 Nxe4 (18... Bxe4 $6 19. Bxe4 Nxe4 20. a4 $1 $16 {Lautier})
19. a4 $16 {Lautier,J-Gelfand,B/Amsterdam VSB 1996}) (17... b4 $5 18. Nd5 Nxd5
19. exd5 Bxd5 20. Bg5 Re8 21. Rfd1 $36 {Lautier}) 18. Rfd1 (18. Nd5 $5 Nxd5 19.
exd5 Bxd5 20. a4 b4 21. Rad1 g6 (21... Kb8 22. Nxe5 $36) 22. Rxd5 $1 Rxd5 23.
Be4 Rd8 (23... Nd4 24. Bxd4 Rxd4 25. Rc1 $36) 24. Rc1 $44 {Krasenkow,
M-Schandorff,L/Copenhagen PC (03) 1996}) (18. Rad1 $5 Bc5 (18... Bd6 19. a4 Nd4
20. Bxd4 $1 exd4 21. Nxd4 $1 {1/2-1/2 Gelfand,B-Akopian,V/Yerevan 1996/EXT 97/
[Gelfand] (67)}) 19. Nd5 Nxd5 20. exd5 Nd4 (20... Bxd5 $2 21. Bf5 Rhf8 22. Bh3
{/\ Rxd5}) (20... Nf4 21. Bxf4 exf4 22. Bf5+ Kb8 23. Be6 $14 {Notkin}) 21. Nxd4
exd4 22. Bxd4 Rxd5 (22... Bxd4 23. Rxd4 Bxd5 24. Rfd1 Bc6 25. Rxd8+ Rxd8 26.
Bxh7 Rxd1+ 27. Qxd1 Qe5 28. Qd2 $16 {Notkin}) 23. Bxc5 Qxc5 (23... Rxc5 24.
Qe6+ Kb8 25. Rd7 $16) 24. Qg4+ Kb8 25. Qxg7 $16 {1-0 Notkin,M-Cosma,I/
Bucharest 1997/CBM 60/[Lutz] (61)}) 18... Bc5 19. Nd5 Nxd5 20. exd5 Nd4 (20...
Bxd5 21. Bf5 {mit der Idee Rxd5}) 21. Nxd4 exd4 22. Bxd4 Rxd5 23. Bxc5 Qxc5 {
Wir haben die gleiche Stellung wie in Notkin-Cosma (siehe oben) erreicht, aber
mit dem weissen Turm auf a1 statt auf f1. Das ist günstiger für Schwarz, da
der P f2 ungedeckt ist, aber auch so besitzt Weiss deutlichen Vorteil.} 24. Be4
(24. Qg4+ $5 Kb8 25. Qxg7 $16) 24... Rxd1+ 25. Rxd1 Bxe4 26. Qxe4 Rf8 27. Rd2
Kb8 28. Qxh7 $16 Qe5 29. Qb1 Rf4 (29... Rh8 30. g3 Qh5 31. h4 $16) 30. g3 Re4
31. Qc2 g5 {Dank seiner zentralisierten Figuren hat Schwarz Gegenspiel, aber
Bauer ist Bauer.} 32. h3 Qe6 33. Kh2 Re1 34. Qh7 Rh1+ 35. Kg2 Rg1+ 36. Kxg1
Qe1+ 37. Kg2 Qxd2 38. Qg7 Qd5+ 39. Kh2 Qd2 40. Qe5+ Kb7 41. Kg2 Kc6 42. Qf6+
Kc5 43. Qf8+ Kb6 44. Qf6+ Kc5 45. Qe7+ 1-0

[Event "RUS-ch"]
[Site "Elista"]
[Date "1996.??.??"]
[Round "10"]
[White "Bareev, Evgeny"]
[Black "Dreev, Alexey"]
[Result "1/2-1/2"]
[WhiteElo "2655"]
[BlackElo "2645"]
[Annotator "Lutz,C"]
[PlyCount "46"]
[EventDate "1996.10.15"]
[EventType "swiss"]
[EventRounds "11"]
[EventCountry "RUS"]
[SourceTitle "CBM 056"]
[Source "ChessBase"]
[SourceDate "1997.02.01"]
[SourceVersion "1"]
[SourceVersionDate "1997.02.01"]
[SourceQuality "1"]

1. d4 d5 2. c4 c6 3. Nf3 Nf6 4. Nc3 e6 5. e3 Nbd7 6. Bd3 dxc4 7. Bxc4 b5 8. Bd3
Bb7 9. O-O a6 10. e4 c5 11. d5 Qc7 12. dxe6 {Wenn sich die folgende Neuerung
bewähren sollte, gibt es hier das Argument für sofort 12.Bc2, da dann die
schwarze Rochade wegen der geschlossenen d-Linie weniger Sinn macht. Schwarz
hat allerdings (neben den Normalfortsetzungen 12...c4 und 12...Be7) auch die
Option 12...exd5.} (12. Bc2 $5 c4 (12... O-O-O $6) (12... Be7) (12... exd5 $5))
12... fxe6 13. Bc2 O-O-O $5 $146 {Eine interessante Neuerung gegenüber den
weit ausanalysierten 13...c4 und 13...Be7.In den folgenden Zügen spielen beide
Parteien jeweils die zwingendsten Züge.} (13... Be7 14. Ng5 Qc6 15. Qf3 (15. f4
{1/2-1/2 Gelfand,B-Dreev,A/Biel 1995 (23) Gelfand}) 15... h6 16. Qh3 hxg5 17.
Qxh8+ Kf7 18. Qh3 g4 $13 {1-0 Lautier,J-Dreev,A/Linares 1995 (41)}) (13... c4)
14. Ng5 Ne5 15. Qe1 Qb6 {/\ ...h6} 16. f4 Nd3 17. Qg3 c4+ 18. Be3 (18. Kh1 Bc5
{/\ ...Nf2}) 18... Bc5 19. Bxc5 Nxc5 (19... Qxc5+ $6 20. Kh1 {/\ Ne6, /\ Nf7})
20. Kh1 b4 (20... Rd7 21. e5 Nd5 22. Nxd5 Bxd5 23. Bxh7) 21. Na4 Nxa4 22. Bxa4
h6 (22... Nxe4 $2 23. Nxe4 Bxe4 24. Rac1 $40) 23. Nf7 Nxe4 {Der Remisschluß
kommt etwas unpassend, gerade, wo es spannend wird. Weiß hat 7 plausible Züg
mit der Dame, aber nur einer führt zu einer unklaren Stellung.} (23... Nxe4 24.
Qg6 $8 (24. Qe1 Rd2 25. Nxh8 Nf2+ 26. Rxf2 Rxf2 $19) (24. Qf3 Rd2 $19) (24.
Qxg7 $2 Rhg8 {/\ ...Nf2}) (24. Qh4 $2 g5) (24. Qh3 $2 Rd3 25. Qg4 Nf2+ 26. Rxf2
Qxf2 27. Nxh8 Re3 $1 {/\ ...Re1}) (24. Qg4 $2 h5 25. Qg6 h4 {/\ ...h3, /\ ...
Ng3}) 24... Rhf8 (24... Nf2+ 25. Rxf2 Qxf2 26. Nxh8 Rd2 (26... Rxh8 27. Qxe6+ {
/\ Bc6}) 27. Rg1) 25. Nxd8 Rxd8 26. h3 $5 $13) 1/2-1/2

[Event "Elgoibar 09th"]
[Site "Elgoibar"]
[Date "1999.??.??"]
[Round "3"]
[White "San Segundo Carrillo, Pablo"]
[Black "Korneev, Oleg"]
[Result "0-1"]
[WhiteElo "2510"]
[BlackElo "2615"]
[Annotator "Lutz,C"]
[PlyCount "112"]
[EventDate "1999.11.??"]
[EventType "tourn"]
[EventRounds "9"]
[EventCountry "ESP"]
[EventCategory "9"]
[SourceTitle "CBM 075"]
[Source "ChessBase"]
[SourceDate "2000.04.05"]
[SourceVersion "1"]
[SourceVersionDate "2000.04.05"]
[SourceQuality "1"]

1. d4 d5 2. c4 e6 3. Nc3 c6 4. e3 Nf6 5. Nf3 Nbd7 6. Bd3 dxc4 7. Bxc4 b5 8. Bd3
a6 9. e4 c5 10. e5 cxd4 11. Ne4 Ng4 12. Bf4 Bb4+ 13. Kf1 Bb7 {Schwarz nimmt
nun von der sofortigen Öffnung der Stellung Abstand und entwickelt sich
zunächst. Damit wählt Korneev einen anderen Aufbau als zwei Runden zuvor.} (
13... f6 {0-1 Izeta Txabarri,F-Korneev,O/Elgoibar 1999/CBM 75_02/[Lutz] (31)})
14. h3 Nh6 15. Qe2 Qb6 16. Rd1 Rd8 17. Kg1 Nf5 {Schwarz will den Springer ins
Spiel bekommen, bzw. die Schwächung g2-g4 provozieren.} 18. a3 (18. g4 {
ließe Schwarz zur Umgruppierung seines Sorgenspringers kommen:} Ne7 $1 19. a3
Ng6 $1 20. Bg5 (20. Bg3 Be7 $17) 20... Be7 21. Nd6+ (21. Bxe7 Kxe7 $17) 21...
Bxd6 22. Bxd8 Qxd8 23. exd6 (23. Bxg6 Bxf3 24. Bxf7+ Kf8 25. Qxf3 Nxe5 26. Qb7
Nxf7 $17) 23... Nf4 $19) 18... Be7 19. g4 Nh6 (19... Nh4 20. Nxh4 Bxe4 21. Bxe4
Bxh4 22. b4 (22. g5 h5 23. gxh6 g5 $17) 22... O-O $2 (22... Be7 23. Kg2 O-O 24.
Qd3 $13) 23. g5 {, und der Bh4 geht verloren.}) 20. Kg2 O-O 21. Rhe1 (21. Bxh6
gxh6 22. Qd2 Nxe5 23. Nxe5 f5 $36) 21... f5 {Dieser Zug ist motiviert durch
die weißen Schwächen auf der f-Linie. Anders ist der Sh6 nicht wieder ins
Spiel zu bekommen.} 22. exf6 Nxf6 23. Bxh6 gxh6 24. Nxf6+ Rxf6 25. Be4 Rdf8 26.
Rd3 $11 {Die Stellung ist ungefähr ausgelichen, da Weiß zur Blockade auf den
weißen Feldern gekommen ist.} Bd6 27. Bxb7 Qxb7 28. Qe4 Qxe4 29. Rxe4 e5 30.
Re2 h5 31. Nh4 hxg4 32. hxg4 Rf4 33. f3 e4 34. Rxd4 $2 (34. Rxe4 Rxe4 35. fxe4
Rf4 36. Rxd4 Rxg4+ 37. Kf3 Rg3+ 38. Ke2 $11) 34... Be7 $17 35. Kg3 exf3 36.
Rxf4 fxe2 37. Rxf8+ (37. Re4 Bd6+ 38. Kg2 (38. Kh3 Rf1 39. Rxe2 Rh1+ $19) 38...
Rf4 39. Rxe2 Rxg4+ $19) 37... Kxf8 38. Ng2 a5 39. Kf2 a4 40. Nf4 Bf6 41. Ne6+
Ke7 42. Nc7 Kd7 43. Nxb5 Bxb2 44. Kxe2 Kc6 45. Na7+ Kc5 46. Kd3 Bxa3 47. Nc8
Kb5 48. Na7+ Kb6 49. Kc4 Kxa7 50. Kb5 Bc5 $1 51. Kxa4 Kb6 52. Kb3 h6 53. Kc4
Kc6 54. Kd3 Kd5 55. Ke2 Ke4 56. Kf1 Kf3 (56... Kf4 $4 57. Kg2 $11) 0-1